000 00225 a2200097 4500
001 33568
100 _aTripathi, P.C
245 _aPrinciples of Management
260 _aNew Delhi
_bTata McGraw-Hill
_c
090 _c22340
_d22340
942 _aNUST-CAE
_cM
_c13715
999 _c268641
_d268641